[Event "20th EUR-ch"]
[Site "Skopje MKD"]
[Date "2019.03.25"]
[Round "7"]
[White "Oboladze, Luka"]
[Black "Filip, Lucian-Ioan"]
[Result "1/2-1/2"]
[WhiteElo "2340"]
[BlackElo "2438"]
[EventDate "2019.03.18"]
[Board "117"]
[PlyCount "152"]

1.Nf3 Nf6 2.c4 c5 3.Nc3 e6 4.d4 cxd4 5.Nxd4 a6 6.g3 Qc7 7.Bg2 Qxc4 8.Bf4 
Nc6 9.Nb3 d5 10.Rc1 Qb4 11.O-O Be7 12.a3 Qb6 13.e4 dxe4 14.Nxe4 O-O 15.Be3
Qc7 16.Bf4 Qb6 17.Be3 Qc7 18.Nd4 Bd7 19.Nc5 Nd5 20.Nf5 exf5 21.Qxd5 Bxc5 
22.Qxc5 Rac8 23.Rfd1 Be6 24.b4 Rcd8 25.Rxd8 Rxd8 26.a4 Qd7 27.Qb6 f4 28.
Bxf4 Qd1+ 29.Bf1 Bh3 30.f3 Qxc1 31.Bxc1 Rd1 32.Kf2 Rxf1+ 33.Ke3 Rxc1 34.
Qxb7 h5 35.Kd2 Rc4 36.Qxa6 Bf1 37.Qc8+ Kh7 38.Qf5+ Kg8 39.Ke1 Rc1+ 40.Kd2 
Nd4 41.Qd5 Rc4 42.Ke1 Be2 43.Qa8+ Kh7 44.Qe4+ f5 45.Qe8 Bxf3 46.Kd2 Nb3+ 
47.Kd3 Rxb4 48.Kc3 Re4 49.Qf7 Re3+ 50.Kb4 Nd4 51.Kc5 Ne6+ 52.Kd6 Nd4 53.a5
Kh6 54.a6 Re6+ 55.Kc5 Rf6 56.Qe7 Ne6+ 57.Kb4 Be4 58.a7 Nd4 59.Kc4 Nf3 60.
Qd8 Ra6 61.h4 Ne5+ 62.Kb5 Rxa7 63.Qg5+ Kh7 64.Qxh5+ Kg8 65.Qe8+ Kh7 66.
Qxe5 Rf7 67.Kc5 Bf3 68.Kd4 Bg4 69.Ke3 Rf6 70.Kf4 Rh6 71.Qe8 Rf6 72.Kg5 Rh6
73.Qf7 Rf6 74.Qe8 Rh6 75.Kf4 Rf6 76.Ke5 Rh6 1/2-1/2

[Event "20th EUR-ch"]
[Site "Skopje MKD"]
[Date "2019.03.25"]
[Round "7"]
[White "Dedebas, Emre Emin"]
[Black "Druska, Juraj"]
[Result "0-1"]
[WhiteElo "2319"]
[BlackElo "2434"]
[EventDate "2019.03.18"]
[Board "119"]
[PlyCount "64"]

1.d4 Nf6 2.Nf3 e6 3.c4 c5 4.d5 b5 5.Bg5 exd5 6.cxd5 h6 7.Bxf6 Qxf6 8.Qc2 
Be7 9.e4 Qb6 10.a4 bxa4 11.Nbd2 Na6 12.Be2 Nb4 13.Qxa4 O-O 14.O-O d6 15.
Nc4 Qc7 16.Rfc1 Bg4 17.Qd1 Rfc8 18.Ra4 Bf6 19.e5 dxe5 20.Ne3 Bxf3 21.Bxf3 
Qd6 22.Nc4 Qf8 23.Be4 Bg5 24.Rca1 f5 25.Bf3 e4 26.Bh5 Rd8 27.d6 a6 28.Qb3 
Kh7 29.h3 Bf4 30.d7 Rxd7 31.Nb6 Rd3 32.Qc4 Rb8 0-1

[Event "20th EUR-ch"]
[Site "Skopje MKD"]
[Date "2019.03.25"]
[Round "7"]
[White "Rabatin, Jakub"]
[Black "Todorovic, Goran M"]
[Result "0-1"]
[WhiteElo "2313"]
[BlackElo "2429"]
[EventDate "2019.03.18"]
[Board "120"]
[PlyCount "104"]

1.e4 c5 2.Nf3 d6 3.d4 cxd4 4.Nxd4 Nf6 5.Nc3 Nc6 6.Bg5 e6 7.Qd2 a6 8.O-O-O 
Bd7 9.f3 Be7 10.h4 O-O 11.g4 b5 12.Nxc6 Bxc6 13.Ne2 Rc8 14.Nd4 Bb7 15.Kb1 
Nd7 16.Bxe7 Qxe7 17.Qe3 b4 18.g5 a5 19.h5 a4 20.g6 fxg6 21.hxg6 h6 22.Bh3 
Rf6 23.Nb5 Rcf8 24.Nxd6 Rxf3 25.Qd4 Ba8 26.Qxb4 Ne5 27.a3 Nxg6 28.Qxa4 Rb8
29.Ka1 Kh7 30.Qd4 Rd8 31.Qb4 Nf4 32.Bf1 Qc7 33.Bc4 Rb8 34.Nb5 Qe5 35.a4 
Qxe4 36.Qd6 Qxc4 37.Qxb8 Qxa4+ 38.Na3 Rxa3+ 39.bxa3 Bxh1 40.Rxh1 Qxa3+ 41.
Kb1 Ne2 42.c4 Qd3+ 43.Ka1 Qa3+ 44.Kb1 Qf3 45.Rh4 Qf5+ 46.Ka2 Qa5+ 47.Kb3 
Qc3+ 48.Ka2 Nc1+ 49.Kb1 Nb3 50.Qb5 Qg3 51.Rh5 Nd4 52.Qb4 Qg6+ 0-1

[Event "20th EUR-ch"]
[Site "Skopje MKD"]
[Date "2019.03.25"]
[Round "7"]
[White "Banzea, Alexandru-Bogdan"]
[Black "Maltsevskaya, Aleksandra"]
[Result "1/2-1/2"]
[WhiteElo "2427"]
[BlackElo "2252"]
[EventDate "2019.03.18"]
[Board "121"]
[PlyCount "71"]

1.e4 c5 2.Nf3 e6 3.d4 cxd4 4.Nxd4 Nf6 5.Nc3 Nc6 6.Ndb5 Bb4 7.a3 Bxc3+ 8.
Nxc3 d5 9.Bd3 dxe4 10.Nxe4 Nxe4 11.Bxe4 Qxd1+ 12.Kxd1 Bd7 13.Be3 f5 14.Bf3
O-O-O 15.Kc1 e5 16.Rd1 Kc7 17.b3 f4 18.Bd2 Bf5 19.Re1 Rhe8 20.Be4 Bxe4 21.
Rxe4 Rd4 22.Re2 f3 23.gxf3 Rf8 24.Kb2 Rxf3 25.Rg1 g6 26.Rg3 Rf7 27.Bc3 
Rdf4 28.Bxe5+ Nxe5 29.Rxe5 Rxf2 30.h4 Kd6 31.Re1 R2f4 32.Rd3+ Kc7 33.Rc3+ 
Kd6 34.Rd3+ Kc7 35.Rc3+ Kd6 36.Rd3+ 1/2-1/2

[Event "20th EUR-ch"]
[Site "Skopje MKD"]
[Date "2019.03.25"]
[Round "7"]
[White "Radovanovic, Nikola"]
[Black "Ingebretsen, Jens E"]
[Result "1-0"]
[WhiteElo "2426"]
[BlackElo "2243"]
[EventDate "2019.03.18"]
[Board "122"]
[PlyCount "101"]

1.d4 d5 2.c4 dxc4 3.Nf3 Nf6 4.e3 b5 5.a4 b4 6.Bxc4 e6 7.Qe2 Be7 8.O-O O-O 
9.Nbd2 Bb7 10.b3 c5 11.dxc5 Nbd7 12.c6 Bxc6 13.Bb2 Qa5 14.Rac1 Rad8 15.Nd4
Ba8 16.Bb5 Nb6 17.Bc6 Qg5 18.Bxa8 Rxa8 19.Nc6 Bd6 20.f4 Qg4 21.Qxg4 Nxg4 
22.Ne4 Bb8 23.Bd4 Nd5 24.Rfe1 Re8 25.h3 e5 26.Bb2 exf4 27.hxg4 Rxe4 28.
Red1 fxe3 29.Nxb8 Rxb8 30.Rxd5 Rbe8 31.Rd4 h6 32.Rxe4 Rxe4 33.Rc4 Re6 34.
Kf1 e2+ 35.Ke1 a5 36.Bc1 Kh7 37.Rc5 Re4 38.Rxa5 Rxg4 39.Rb5 Rxg2 40.Be3 
Rh2 41.a5 Rh1+ 42.Kxe2 Ra1 43.Bb6 g5 44.Rxb4 Ra3 45.Bc7 Ra2+ 46.Kd3 f5 47.
Ra4 Rb2 48.a6 Rxb3+ 49.Kc4 Re3 50.a7 Re8 51.Bb8 1-0

[Event "20th EUR-ch"]
[Site "Skopje MKD"]
[Date "2019.03.25"]
[Round "7"]
[White "Hnydiuk, Aleksander"]
[Black "Di Benedetto, Desiree"]
[Result "1-0"]
[WhiteElo "2417"]
[BlackElo "2236"]
[EventDate "2019.03.18"]
[Board "123"]
[PlyCount "43"]

1.Nf3 d5 2.d4 Nf6 3.c4 e6 4.g3 Be7 5.Bg2 O-O 6.Qc2 c5 7.O-O cxd4 8.Nxd4 e5
9.Nf5 d4 10.Nxe7+ Qxe7 11.Bg5 Nbd7 12.e3 h6 13.Bxf6 Qxf6 14.Nd2 dxe3 15.
fxe3 Qb6 16.Qc3 Nf6 17.Qxe5 Re8 18.Qd4 Qa5 19.Rxf6 gxf6 20.Ne4 Re5 21.
Nxf6+ Kg7 22.b4 1-0

[Event "20th EUR-ch"]
[Site "Skopje MKD"]
[Date "2019.03.25"]
[Round "7"]
[White "Unuk, Laura"]
[Black "Megalios, Konstantinos"]
[Result "1/2-1/2"]
[WhiteElo "2266"]
[BlackElo "2416"]
[EventDate "2019.03.18"]
[Board "124"]
[PlyCount "73"]

1.Nf3 d5 2.c4 d4 3.g3 Nc6 4.Bg2 e5 5.d3 Bb4+ 6.Nfd2 a5 7.O-O Nf6 8.Nf3 O-O
9.b3 Re8 10.a3 Bc5 11.Nbd2 h6 12.Ne1 Bf5 13.Nc2 e4 14.dxe4 Nxe4 15.Nxe4 
Bxe4 16.Bxe4 Rxe4 17.Ne1 Qe7 18.Nd3 Re8 19.Ra2 b6 20.Re1 g5 21.Kg2 Kg7 22.
e3 dxe3 23.Nxc5 e2 24.Qd7 Qxc5 25.Be3 R8e7 26.Qd3 Nd4 27.Qc3 Qe5 28.Bxd4 
Qxd4 29.Qxd4+ Rxd4 30.Raxe2 Rxe2 31.Rxe2 a4 32.c5 axb3 33.cxb6 cxb6 34.Re3
b2 35.Rb3 Rd3 36.Rxb2 Rxa3 37.Rxb6 1/2-1/2

[Event "20th EUR-ch"]
[Site "Skopje MKD"]
[Date "2019.03.25"]
[Round "7"]
[White "Tica, Sven"]
[Black "Sukovic, Andrej"]
[Result "1-0"]
[WhiteElo "2416"]
[BlackElo "2235"]
[EventDate "2019.03.18"]
[Board "125"]
[PlyCount "111"]

1.d4 Nf6 2.Nf3 g6 3.g3 Bg7 4.Bg2 O-O 5.O-O d6 6.c4 Nc6 7.Nc3 a6 8.b3 Rb8 
9.d5 Na5 10.Bg5 Nd7 11.Qd2 c5 12.dxc6 bxc6 13.Rac1 Nc5 14.Nd4 Bb7 15.Bh6 
Nd7 16.Nf5 Bxh6 17.Nxh6+ Kg7 18.Ne4 c5 19.Ng5 Bxg2 20.Kxg2 Qb6 21.h4 Nf6 
22.Rh1 Nc6 23.h5 Ne5 24.hxg6 hxg6 25.Rh4 Qb7+ 26.f3 Rh8 27.Rch1 Kf8 28.Kg1
Nh5 29.g4 Qb4 30.Qxb4 Rxb4 31.Nhxf7 Nxf7 32.Ne6+ Kg8 33.gxh5 Rxh5 34.Rxh5 
gxh5 35.Kf2 Ne5 36.Nc7 Rb7 37.Nd5 a5 38.Nc3 Ra7 39.Rxh5 a4 40.Nxa4 Nxc4 
41.Nxc5 Nb2 42.Ne4 Rxa2 43.Ke1 Ra3 44.Rb5 d5 45.Nf2 Ra1+ 46.Kd2 Rf1 47.Ng4
d4 48.Ne5 Rh1 49.Rd5 Rh5 50.Nc6 Rh1 51.Rxd4 e5 52.Rd8+ Kf7 53.Kc2 Re1 54.
Nxe5+ Ke6 55.Re8+ Kd5 56.e4+ 1-0

[Event "20th EUR-ch"]
[Site "Skopje MKD"]
[Date "2019.03.25"]
[Round "7"]
[White "Milikow, Elie"]
[Black "Fernandes, Antonio"]
[Result "1/2-1/2"]
[WhiteElo "2226"]
[BlackElo "2405"]
[EventDate "2019.03.18"]
[Board "126"]
[PlyCount "63"]

1.e4 d6 2.d4 Nf6 3.Nc3 c6 4.Be2 Qa5 5.Qd3 e5 6.Nf3 Bg4 7.Bd2 Qc7 8.O-O-O 
Be7 9.h3 Bh5 10.g4 Bg6 11.dxe5 dxe5 12.Nh4 Nbd7 13.g5 Nc5 14.Qe3 Nfxe4 15.
Nxg6 Bxg5 16.f4 exf4 17.Nxf4 Bxf4 18.Qxf4 Qxf4 19.Bxf4 Nf2 20.Rde1 Nxh1 
21.Bh5+ Kd7 22.Bg4+ Ne6 23.Ne4 Ke7 24.Bd6+ Ke8 25.Ba3 Rd8 26.Rxh1 h5 27.
Bf5 Rd5 28.c4 Re5 29.Re1 Kd8 30.Rd1+ Ke8 31.Re1 Kd8 32.Rd1+ 1/2-1/2

[Event "20th EUR-ch"]
[Site "Skopje MKD"]
[Date "2019.03.25"]
[Round "7"]
[White "Duzhakov, Ilya"]
[Black "Polatel, Ali"]
[Result "0-1"]
[WhiteElo "2405"]
[BlackElo "2220"]
[EventDate "2019.03.18"]
[Board "127"]
[PlyCount "64"]

1.d4 d5 2.c4 c6 3.Nf3 Nf6 4.Nc3 a6 5.a4 e6 6.g3 a5 7.Bg2 Be7 8.O-O O-O 9.
Nd2 Na6 10.e4 Nb4 11.e5 Ne8 12.b3 b6 13.Na2 Nc7 14.Nxb4 Bxb4 15.Bb2 Ba6 
16.Rc1 Rc8 17.f4 Qe7 18.Rf3 Rfd8 19.Bf1 Bb7 20.g4 c5 21.Rh3 cxd4 22.Bd3 g6
23.c5 Bxc5 24.Nf3 f6 25.f5 exf5 26.gxf5 fxe5 27.fxg6 hxg6 28.Rc2 Ne6 29.
Bc1 e4 30.Rg2 Nf8 31.Nh4 Rc6 32.Bh6 Rf6 0-1

[Event "20th EUR-ch"]
[Site "Skopje MKD"]
[Date "2019.03.25"]
[Round "7"]
[White "Kamer, Kayra"]
[Black "Uzumcu, Ahmet Utku"]
[Result "1-0"]
[WhiteElo "2397"]
[BlackElo "2211"]
[EventDate "2019.03.18"]
[Board "128"]
[PlyCount "54"]

1.e4 c5 2.Nf3 d6 3.d4 cxd4 4.Nxd4 Nf6 5.Nc3 a6 6.Be2 e5 7.Nb3 Be7 8.Be3 
Be6 9.g4 d5 10.exd5 Nxd5 11.Nxd5 Qxd5 12.Qxd5 Bxd5 13.Rg1 Nc6 14.O-O-O 
O-O-O 15.Bb6 Rd7 16.Rg3 Bd8 17.Be3 Be7 18.Nc5 Rdd8 19.g5 Kb8 20.Bg4 Ka8 
21.b3 e4 22.Bh3 Ne5 23.c4 Bc6 24.Rxd8+ Bxd8 25.Kc2 Bb6 26.b4 Ng6 27.Bf5 
Ne5 1-0

[Event "20th EUR-ch"]
[Site "Skopje MKD"]
[Date "2019.03.25"]
[Round "7"]
[White "Kaasen, Tor Fredrik"]
[Black "Marinskii, Yurii"]
[Result "1-0"]
[WhiteElo "2383"]
[BlackElo "2156"]
[EventDate "2019.03.18"]
[Board "129"]
[PlyCount "77"]

1.e4 c5 2.Nf3 d6 3.d4 cxd4 4.Nxd4 Nf6 5.Nc3 g6 6.Be3 Bg7 7.f3 O-O 8.Qd2 d5
9.e5 Ne8 10.f4 f6 11.Nf3 Nc6 12.Qxd5+ Qxd5 13.Nxd5 fxe5 14.Nxe5 Nxe5 15.
fxe5 Bxe5 16.Nxe7+ Kh8 17.O-O-O Be6 18.Re1 Nc7 19.Bc5 Bf4+ 20.Kb1 Rad8 21.
Bd3 Bg5 22.h4 Bf4 23.h5 g5 24.h6 Rf7 25.Bb4 Nd5 26.Nxd5 Bxd5 27.Re2 Bg3 
28.b3 Kg8 29.Bd2 Bh4 30.Re5 Bxg2 31.Rg1 Bc6 32.Bxg5 Bxg5 33.Rexg5+ Kf8 34.
Bc4 Rfd7 35.Kb2 Be4 36.Rf1+ Ke8 37.Re5+ Re7 38.Rxe7+ Kxe7 39.Re1 1-0

[Event "20th EUR-ch"]
[Site "Skopje MKD"]
[Date "2019.03.25"]
[Round "7"]
[White "Gueci, Tea"]
[Black "Plenkovic, Zdenko"]
[Result "0-1"]
[WhiteElo "2252"]
[BlackElo "2383"]
[EventDate "2019.03.18"]
[Board "130"]
[PlyCount "110"]

1.e4 c5 2.Nf3 Nc6 3.d4 cxd4 4.Nxd4 Qb6 5.Nb3 Nf6 6.Nc3 e6 7.Be3 Qc7 8.Bd3 
Bb4 9.O-O Bxc3 10.bxc3 d5 11.exd5 Nxd5 12.Bd2 O-O 13.Re1 Nf4 14.Be4 Ng6 
15.Nd4 Nce5 16.Rb1 f5 17.Bf3 Nxf3+ 18.Qxf3 e5 19.Qd5+ Qf7 20.Qxf7+ Rxf7 
21.Nf3 e4 22.Nd4 b6 23.Rb5 Bd7 24.Rb4 h6 25.a4 Rc8 26.Ra1 Ne5 27.Bf4 Nc4 
28.h4 Kh7 29.Nb5 Bxb5 30.Rxb5 Na5 31.Be5 Rd8 32.Bf4 Kg6 33.Kf1 Kh5 34.g3 
g5 35.hxg5 hxg5 36.Be3 Kg4 37.Ke2 Rc7 38.Bd4 Nc6 39.Be3 Na5 40.Bd4 Rc4 41.
Rh1 Nc6 42.Bh8 Rxa4 43.Rh6 Ra2 44.Bf6 Rxc2+ 45.Ke1 Rd6 46.Rg6 f4 47.Rbxg5+
Kf3 48.Bd4 Rxg6 49.Rxg6 Nxd4 50.cxd4 e3 51.fxe3 fxg3 52.d5 g2 53.d6 g1=Q+ 
54.Rxg1 Rc1+ 55.Kd2 Rxg1 0-1

[Event "20th EUR-ch"]
[Site "Skopje MKD"]
[Date "2019.03.25"]
[Round "7"]
[White "Gunduz, Umut Erdem"]
[Black "Lewtak, Damian"]
[Result "1-0"]
[WhiteElo "2205"]
[BlackElo "2379"]
[EventDate "2019.03.18"]
[Board "131"]
[PlyCount "57"]

1.e4 g6 2.d4 Bg7 3.Nc3 d6 4.f4 a6 5.Nf3 Bg4 6.Be3 c6 7.h3 Bxf3 8.Qxf3 Nd7 
9.O-O-O b5 10.e5 b4 11.Ne4 d5 12.Nc5 Nxc5 13.dxc5 e6 14.g4 Ne7 15.Bd4 Nc8 
16.Bd3 Qa5 17.h4 h5 18.gxh5 Rxh5 19.Rdg1 Ne7 20.Rxg6 Nxg6 21.Qxh5 Nxf4 22.
Qh7 Qxa2 23.Kd2 Nxd3 24.cxd3 Bf8 25.Rf1 Ra7 26.Qh8 Qa5 27.Rg1 b3+ 28.Ke2 
f5 29.Qf6 1-0

[Event "20th EUR-ch"]
[Site "Skopje MKD"]
[Date "2019.03.25"]
[Round "7"]
[White "Ayats Llobera, Gerard"]
[Black "Maloberti, David"]
[Result "1/2-1/2"]
[WhiteElo "2377"]
[BlackElo "2113"]
[EventDate "2019.03.18"]
[Board "132"]
[PlyCount "108"]

1.d4 Nf6 2.Bf4 d5 3.e3 e6 4.Nd2 Bd6 5.Bg3 O-O 6.Bd3 b6 7.Ngf3 Bb7 8.c3 Ne4
9.Bh4 Be7 10.Bxe7 Qxe7 11.a4 a5 12.Bxe4 dxe4 13.Ne5 Nd7 14.Nxd7 Qxd7 15.
Qc2 f5 16.g3 Ba6 17.c4 e5 18.d5 c6 19.dxc6 Qxc6 20.b3 Bb7 21.Qc3 Qe6 22.
O-O-O Rad8 23.Nb1 Rd3 24.Rxd3 exd3 25.Rd1 e4 26.Qd4 Qf6 27.Qxf6 Rxf6 28.h4
Kf7 29.Nd2 Ke6 30.Kb2 Ke5 31.Kc3 h6 32.Rb1 g5 33.hxg5 hxg5 34.b4 axb4+ 35.
Rxb4 Ba6 36.a5 bxa5 37.Ra4 Rc6 38.Rxa5+ Kf6 39.Kd4 Bc8 40.c5 Be6 41.f3 
exf3 42.Nxf3 d2 43.Nxd2 Rc8 44.Nc4 Bxc4 45.Kxc4 Ke5 46.Ra7 Ke4 47.Rf7 g4 
48.Kb5 Rb8+ 49.Ka6 Kxe3 50.c6 Kf3 51.c7 Rc8 52.Kb7 Rxc7+ 53.Kxc7 Kxg3 54.
Rxf5 Kh2 1/2-1/2

[Event "20th EUR-ch"]
[Site "Skopje MKD"]
[Date "2019.03.25"]
[Round "7"]
[White "Isik, Alparslan"]
[Black "Jackson, James P"]
[Result "1-0"]
[WhiteElo "2180"]
[BlackElo "2377"]
[EventDate "2019.03.18"]
[Board "133"]
[PlyCount "75"]

1.Nf3 Nf6 2.g3 g6 3.b3 Bg7 4.Bb2 c5 5.Bg2 d5 6.c4 d4 7.b4 O-O 8.O-O a5 9.
bxc5 Nc6 10.e3 e5 11.exd4 e4 12.Ng5 Nxd4 13.Nc3 Bg4 14.Qb1 Nd7 15.Ncxe4 
Nxc5 16.Nxc5 Qxg5 17.Nb3 Nf3+ 18.Bxf3 Bxf3 19.Bxg7 Kxg7 20.Nd4 Bg4 21.Qxb7
Rad8 22.Nc2 Rxd2 23.Ne3 Bh3 24.Rfd1 Rfd8 25.Qf3 h5 26.Nd5 Qe5 27.Rxd2 
Qxa1+ 28.Rd1 Qe5 29.Qe3 Qb2 30.Qd2 Rb8 31.Qxa5 Rc8 32.Ne3 Be6 33.Qd2 Rb8 
34.a4 Qa3 35.Qd4+ Kh7 36.Ra1 Qe7 37.Nd5 Qb7 38.a5 1-0

[Event "20th EUR-ch"]
[Site "Skopje MKD"]
[Date "2019.03.25"]
[Round "7"]
[White "Hesse, Henrik"]
[Black "Drazic, Sinisa"]
[Result "0-1"]
[WhiteElo "2165"]
[BlackElo "2370"]
[EventDate "2019.03.18"]
[Board "134"]
[PlyCount "39"]

1.c4 Nf6 2.g3 g6 3.Bg2 Bg7 4.Nc3 O-O 5.Nf3 d6 6.O-O Nc6 7.d3 a5 8.Rb1 Nh5 
9.Bd2 f5 10.Ng5 e6 11.Nh3 Ne5 12.b3 Ng4 13.e3 c6 14.d4 e5 15.d5 e4 16.dxc6
bxc6 17.Ne2 Ne5 18.Bc3 Qc7 19.Nd4 Ra6 20.Qe2 0-1

[Event "20th EUR-ch"]
[Site "Skopje MKD"]
[Date "2019.03.25"]
[Round "7"]
[White "Terziev, Dimo"]
[Black "Garayev, Kanan"]
[Result "0-1"]
[WhiteElo "2041"]
[BlackElo "2368"]
[EventDate "2019.03.18"]
[Board "135"]
[PlyCount "112"]

1.e4 e6 2.d3 d5 3.Qe2 Nc6 4.Nf3 e5 5.exd5 Qxd5 6.Nc3 Qa5 7.h3 Bb4 8.Bd2 
Nf6 9.g3 O-O 10.Bg2 Nd4 11.Qd1 Bd7 12.a3 Bxc3 13.Bxc3 Qd5 14.Bxd4 exd4 15.
O-O Rfe8 16.Nd2 Qb5 17.Nc4 Bc6 18.a4 Qc5 19.f4 Bxg2 20.Kxg2 c6 21.a5 b5 
22.axb6 axb6 23.b4 Qxb4 24.Rb1 Qc5 25.Rxb6 Nd5 26.Rb3 h5 27.h4 Ne3+ 28.
Nxe3 Rxe3 29.Rf2 Rae8 30.Rb1 Qa5 31.Ra1 Qf5 32.Kh2 R8e6 33.Rg2 Kh7 34.Rb1 
Rg6 35.Rb7 Rg4 36.Rb1 Qg6 37.Qg1 Qf5 38.Qd1 Rg6 39.Ra1 Rge6 40.Rb1 g6 41.
Ra1 Kg7 42.Rb1 Qa5 43.Qf1 Re1 44.Rxe1 Rxe1 45.Qf2 Qa1 46.Rg1 Rxg1 47.Qxg1 
Qxg1+ 48.Kxg1 Kf6 49.Kf2 Kf5 50.Kf3 f6 51.Kg2 Kg4 52.Kf2 Kh3 53.f5 gxf5 
54.Kf3 Kh2 55.Kf4 Kg2 56.Kxf5 Kxg3 0-1

[Event "20th EUR-ch"]
[Site "Skopje MKD"]
[Date "2019.03.25"]
[Round "7"]
[White "Kalogeris, Ioannis"]
[Black "Tomashevskaya, Lidia"]
[Result "1-0"]
[WhiteElo "2368"]
[BlackElo "2112"]
[EventDate "2019.03.18"]
[Board "136"]
[PlyCount "81"]

1.d4 d5 2.Nf3 Nf6 3.c4 dxc4 4.Qa4+ Bd7 5.Qxc4 e6 6.Bg5 Be7 7.Nbd2 O-O 8.
Rc1 Na6 9.Bxf6 Bxf6 10.b4 c6 11.e4 Be7 12.a3 Nc7 13.Nb3 Nb5 14.a4 Nd6 15.
Qc2 Qb6 16.Bd3 Qxb4+ 17.Ke2 f5 18.Nc5 fxe4 19.Bxe4 Nxe4 20.Nxd7 Rf4 21.g3 
Rxf3 22.Kxf3 Ng5+ 23.Kg2 Qd6 24.Ne5 Qd5+ 25.f3 Qxd4 26.Rhe1 Bf6 27.Rcd1 
Qb4 28.h4 Nf7 29.Nxf7 Kxf7 30.Rd7+ Kg8 31.Rb1 Qa3 32.Rbxb7 Rf8 33.Qxc6 
Qa2+ 34.Kh3 Qe2 35.Qe4 Qf1+ 36.Kg4 Be5 37.f4 h5+ 38.Kxh5 Qh3 39.g4 Rf5+ 
40.gxf5 exf5 41.Rxg7+ 1-0

[Event "20th EUR-ch"]
[Site "Skopje MKD"]
[Date "2019.03.25"]
[Round "7"]
[White "Serarols Mabras, Bernat"]
[Black "Azadaliyev, Jahandar"]
[Result "1-0"]
[WhiteElo "2363"]
[BlackElo "1863"]
[EventDate "2019.03.18"]
[Board "137"]
[PlyCount "55"]

1.d4 f5 2.Nc3 Nf6 3.Bg5 d5 4.Bxf6 exf6 5.e3 c6 6.Bd3 Be6 7.Qf3 g6 8.Nge2 
Bd6 9.h3 Na6 10.Bxa6 bxa6 11.Nf4 Bf7 12.Nd3 Qa5 13.O-O O-O 14.Rfd1 Rae8 
15.Ne2 Qc7 16.Nec1 h5 17.h4 Qc8 18.g3 g5 19.Ne2 Re4 20.Kf1 Rfe8 21.c3 Rg4 
22.Qh1 Rge4 23.Rd2 Kg7 24.Qh3 Rh8 25.b4 Be6 26.Qh1 Bf7 27.Rb1 Rhe8 28.a4 
1-0

[Event "20th EUR-ch"]
[Site "Skopje MKD"]
[Date "2019.03.25"]
[Round "7"]
[White "Tarun, Kanyamarala"]
[Black "Manea, Alexandru"]
[Result "1/2-1/2"]
[WhiteElo "2027"]
[BlackElo "2357"]
[EventDate "2019.03.18"]
[Board "138"]
[PlyCount "55"]

1.d4 c5 2.d5 e5 3.e4 d6 4.Nc3 Nf6 5.Be2 Be7 6.Nf3 Na6 7.O-O Nc7 8.a4 O-O 
9.Nd2 Nfe8 10.Nc4 b6 11.Be3 Rb8 12.Qd2 Ba6 13.Rfb1 Nf6 14.b4 Bxc4 15.Bxc4 
Ng4 16.bxc5 Nxe3 17.Qxe3 bxc5 18.a5 Rxb1+ 19.Rxb1 Na8 20.a6 Nb6 21.Bb5 Qc8
22.Qh3 Qxh3 23.gxh3 Bd8 24.Bc6 Bc7 25.Nb5 Bb8 26.Na3 Bc7 27.Nb5 Bb8 28.Na3
1/2-1/2

[Event "20th EUR-ch"]
[Site "Skopje MKD"]
[Date "2019.03.25"]
[Round "7"]
[White "Matvyishen, Viktor"]
[Black "Milikow, Yoav"]
[Result "1-0"]
[WhiteElo "2490"]
[BlackElo "2200"]
[EventDate "2019.03.18"]
[Board "139"]
[PlyCount "55"]

1.e4 e6 2.d4 d5 3.Bd3 dxe4 4.Bxe4 Nf6 5.Bf3 c5 6.Ne2 Nc6 7.Be3 cxd4 8.Nxd4
Ne5 9.Nc3 Be7 10.Qe2 a6 11.O-O-O Qc7 12.Kb1 Nxf3 13.Qxf3 O-O 14.g4 g6 15.
Bg5 Kg7 16.h4 b5 17.h5 Bb7 18.Bxf6+ Kg8 19.hxg6 fxg6 20.Qh3 Bxf6 21.Nxe6 
Qe7 22.Nxf8 Bxh1 23.Nxg6 hxg6 24.Qxh1 Re8 25.Nd5 Qe5 26.Nxf6+ Qxf6 27.Rd7 
Qh4 28.Qd5+ 1-0

[Event "20th EUR-ch"]
[Site "Skopje MKD"]
[Date "2019.03.25"]
[Round "7"]
[White "Tomazini, Zan"]
[Black "Karaoglan, Doruk"]
[Result "1/2-1/2"]
[WhiteElo "2431"]
[BlackElo "2197"]
[EventDate "2019.03.18"]
[Board "140"]
[PlyCount "100"]

1.e4 c5 2.Nf3 d6 3.Bb5+ Nd7 4.O-O a6 5.Bd3 Ngf6 6.Re1 e6 7.c3 b5 8.Bc2 Bb7
9.d4 Be7 10.Nbd2 Qc7 11.Nf1 O-O 12.Ng3 Rfe8 13.a4 Rac8 14.Bd3 c4 15.Bc2 
Bf8 16.h3 e5 17.d5 g6 18.Nh2 h5 19.Ngf1 Bg7 20.g4 Nc5 21.axb5 axb5 22.Ng3 
Qd7 23.Kg2 Ra8 24.Rxa8 Rxa8 25.f3 Ra1 26.Qe2 Bc8 27.Be3 Ra2 28.Rb1 Ne8 29.
Nh1 Qe7 30.Nf2 Nc7 31.gxh5 gxh5 32.Kh1 f5 33.Bxc5 dxc5 34.Rd1 Ne8 35.Bb1 
Ra7 36.exf5 Nd6 37.Ne4 Nxf5 38.d6 Qh4 39.Rg1 Qxh3 40.Nf6+ Kf7 41.Bxf5 Bxf5
42.Ne4 Bh6 43.Nf2 Qh4 44.Qxe5 Bd7 45.Ne4 Bf4 46.Ng5+ Bxg5 47.Qxg5 Qxg5 48.
Rxg5 Ke6 49.Rg6+ Kf5 50.Rh6 Kg5 1/2-1/2

[Event "20th EUR-ch"]
[Site "Skopje MKD"]
[Date "2019.03.25"]
[Round "7"]
[White "Martinkus, Rolandas"]
[Black "Arsovic, Zoran"]
[Result "1/2-1/2"]
[WhiteElo "2185"]
[BlackElo "2422"]
[EventDate "2019.03.18"]
[Board "141"]
[PlyCount "66"]

1.d4 Nf6 2.Nf3 d6 3.c4 Nbd7 4.g3 g6 5.Bg2 Bg7 6.O-O O-O 7.Nc3 e5 8.e3 Re8 
9.b3 c6 10.a4 a5 11.Ba3 exd4 12.exd4 Nb6 13.Re1 Rxe1+ 14.Qxe1 Bf5 15.Ra2 
d5 16.Be7 Qd7 17.Bc5 Re8 18.Re2 Rxe2 19.Nxe2 Nc8 20.Qxa5 dxc4 21.bxc4 Ne4 
22.Ba3 Ned6 23.Bxd6 Nxd6 24.Qb4 Be6 25.Nf4 Nf5 26.d5 cxd5 27.cxd5 Bxd5 28.
Ne5 Bxe5 29.Nxd5 Nd6 30.a5 h5 31.Qe1 Bd4 32.Qd2 Qa4 33.h3 Qa1+ 1/2-1/2

[Event "20th EUR-ch"]
[Site "Skopje MKD"]
[Date "2019.03.25"]
[Round "7"]
[White "Erdogdu, Mert"]
[Black "Ivic, Mateo"]
[Result "1/2-1/2"]
[WhiteElo "2413"]
[BlackElo "2183"]
[EventDate "2019.03.18"]
[Board "142"]
[PlyCount "63"]

1.e4 e5 2.Nf3 Nc6 3.Bc4 Nf6 4.d3 Bc5 5.O-O d6 6.c3 Bb6 7.Bb3 h6 8.Nbd2 O-O
9.h3 Ne7 10.Re1 Ng6 11.Nf1 Nh5 12.d4 Qf6 13.Ne3 Nhf4 14.Ng4 Qe7 15.Be3 h5 
16.Ngh2 Qf6 17.a4 a5 18.Bc4 Re8 19.Bf1 Be6 20.dxe5 dxe5 21.Bxb6 cxb6 22.
Qd2 Rad8 23.Qe3 Rd6 24.Red1 Red8 25.Rxd6 Rxd6 26.Kh1 Qd8 27.h4 f6 28.g3 
Nd3 29.Qe2 Nf8 30.Kg1 Bf7 31.Ne1 Nc5 32.b4 1/2-1/2

[Event "20th EUR-ch"]
[Site "Skopje MKD"]
[Date "2019.03.25"]
[Round "7"]
[White "Gadimbayli, Abdulla"]
[Black "Smirnova, Ekaterina"]
[Result "1/2-1/2"]
[WhiteElo "2404"]
[BlackElo "2178"]
[EventDate "2019.03.18"]
[Board "143"]
[PlyCount "38"]

1.e4 e6 2.d4 d5 3.Nd2 dxe4 4.Nxe4 Bd7 5.Nf3 Bc6 6.Bd3 Nd7 7.O-O Ngf6 8.
Ned2 Be7 9.Qe2 O-O 10.c3 b6 11.Rd1 Bb7 12.Nc4 c5 13.Bf4 Bxf3 14.Qxf3 cxd4 
15.Ne5 Nxe5 16.Bxe5 Bd6 17.Bxd4 e5 18.Be3 h6 19.a4 Qc7 {50....} 1/2-1/2

[Event "20th EUR-ch"]
[Site "Skopje MKD"]
[Date "2019.03.25"]
[Round "7"]
[White "Veleski, Robert"]
[Black "Klabis, Rokas"]
[Result "1/2-1/2"]
[WhiteElo "2177"]
[BlackElo "2333"]
[EventDate "2019.03.18"]
[Board "144"]
[PlyCount "76"]

1.g3 Nf6 2.Bg2 e6 3.d3 d5 4.Nf3 Be7 5.O-O O-O 6.Nbd2 c5 7.e4 Nc6 8.Re1 b5 
9.h4 dxe4 10.Ng5 h6 11.Ndxe4 hxg5 12.Nxf6+ Bxf6 13.Bxc6 Rb8 14.hxg5 Bxg5 
15.Qh5 Bxc1 16.Raxc1 Qd6 17.Bf3 Bb7 18.Bxb7 Rxb7 19.Re4 f5 20.Rh4 Re7 21.
Re1 Rf6 22.Qf3 e5 23.Qa8+ Kf7 24.Rh8 Rh6 25.Rf8+ Kg6 26.Qc8 Rh5 27.Rd8 Qf6
28.Qxc5 f4 29.Qd5 Kh7 30.Qe4+ g6 31.Qd5 Rg7 32.Qa8 Rf7 33.g4 Rh4 34.f3 Rh3
35.Qd5 Rg7 36.Qa8 Rf7 37.Qd5 Rg7 38.Qa8 Rf7 1/2-1/2

[Event "20th EUR-ch"]
[Site "Skopje MKD"]
[Date "2019.03.25"]
[Round "7"]
[White "Asllani, Muhamet"]
[Black "Injac, Teodora"]
[Result "0-1"]
[WhiteElo "2105"]
[BlackElo "2329"]
[EventDate "2019.03.18"]
[Board "145"]
[PlyCount "62"]

1.d4 Nf6 2.Nf3 g6 3.c4 Bg7 4.Nc3 d6 5.g3 O-O 6.Bg2 Nc6 7.O-O Bf5 8.b3 a5 
9.Bb2 e5 10.Nb5 e4 11.Ne1 d5 12.Nc2 Nb4 13.Ba3 c6 14.Nc3 Nxc2 15.Bxf8 Nxa1
16.Bxg7 Kxg7 17.cxd5 Nxb3 18.Qxb3 cxd5 19.Qxb7 Rb8 20.Qa7 Rb2 21.Rc1 Bg4 
22.Bf1 h5 23.Qc5 h4 24.h3 hxg3 25.Nd1 gxf2+ 26.Kxf2 e3+ 27.Kg1 Ne4 28.Qa3 
Qg5 29.h4 Qxh4 30.Qxb2 Qg3+ 31.Kh1 Nf2+ 0-1

[Event "20th EUR-ch"]
[Site "Skopje MKD"]
[Date "2019.03.25"]
[Round "7"]
[White "Tsvetkov, Andrey"]
[Black "Jandric, Damjan"]
[Result "0-1"]
[WhiteElo "2322"]
[BlackElo "2171"]
[EventDate "2019.03.18"]
[Board "146"]
[PlyCount "52"]

1.d4 Nf6 2.c4 g6 3.Nc3 Bg7 4.e4 d6 5.Nf3 O-O 6.Be2 e5 7.Be3 h6 8.d5 Ng4 9.
Bd2 f5 10.exf5 Bxf5 11.h3 Nxf2 12.Kxf2 e4 13.Re1 exf3 14.Bxf3 Qh4+ 15.Kg1 
Nd7 16.Qe2 Bd4+ 17.Be3 Rae8 18.Qf2 Rxe3 19.Rxe3 Qg5 20.Rae1 Ne5 21.h4 Qf4 
22.Ne2 Bxe3 23.Nxf4 Bxf2+ 24.Kxf2 g5 25.hxg5 hxg5 26.Nh5 g4 0-1